Introduction à la méchanique des millieux continus déformables

में बचाया:
ग्रंथसूची विवरण
मुख्य लेखक: Michel Amestoy
स्वरूप: पुस्तक
भाषा:Undetermined
प्रकाशित: Paris école des Mines de Paris 1995
विषय:
टैग : टैग जोड़ें
कोई टैग नहीं, इस रिकॉर्ड को टैग करने वाले पहले व्यक्ति बनें!
Thư viện lưu trữ: Trung tâm Học liệu Trường Đại học Cần Thơ
LEADER 00546nam a2200181Ia 4500
001 CTU_43934
008 210402s9999 xx 000 0 und d
082 |a 531 
082 |b A513/1995 
100 |a Michel Amestoy 
245 0 |a Introduction à la méchanique des millieux continus déformables 
245 0 |c Michel Amestoy 
260 |a Paris 
260 |b école des Mines de Paris 
260 |c 1995 
650 |a solid mechanics 
904 |i Nguyễn Quang Điền, 010911 
980 |a Trung tâm Học liệu Trường Đại học Cần Thơ